Les consoles SONY - Statistiques

Statistiques générales
  • Ce quiz a été pris 446 fois
  • Le résultat moyen est 7 sur 14
Statistiques - réponses
Année de sortie Typ de console Console % Correct
2000 Consolde de salon Playstation 2
99%
2006 Consolde de salon Playstation 3
99%
1994 Consolde de salon Playstation 1
98%
2013 Consolde de salon Playstation 4
98%
2004 Console portable Playstation Portable
88%
2011 Console portable Playstation Vita
76%
2000 Consolde de salon Playstation One
27%
2009 Consolde de salon Playstation 3 Slim
24%
2009 Console portable Playstation Portable GO
19%
2007 Console portable Playstation Portable Slim
13%
2004 Consolde de salon Playstation Two
9%
2013 Console portable Playstation Vita Slim
9%
1998 Console portable Pocket Station
7%
2008 Console portable Playstation Portable 3000
5%
Aucun quiz correspondant
Distribution des résultats
% des personnes avec chaque résultat
Percentile par nombre de réponses
Votre historique - résultats
Vous n’avez pas pris ce quiz